CIM a jeho súčasný stav

Salvato in:
Dettagli Bibliografici
Autore principale: Daneshjo, Naqibullah, 1964-
Altri autori: Groholová, Marcela
Natura: Capitolo di libro
Lingua:inglese
Tags: Aggiungi Tag
Nessun Tag, puoi essere il primo ad aggiungerne!!

MARC

LEADER 00000naa a2200000 4500
001 0190268
005 20240502073212.1
041 0 |a eng 
044 |a SK 
245 1 0 |a CIM a jeho súčasný stav  |c Naqibullah Daneshjo, Marcela Groholová 
100 1 |a Daneshjo, Naqibullah, 1964- 
700 1 |a Groholová, Marcela